[Event "Baghdad op 6th"]
[Site "Baghdad"]
[Date "2018.03.14"]
[Round "1"]
[White "Noah, AH Al Ali"]
[Black "Hasan, Abd Al Jabbar"]
[Result "1-0"]
[WhiteElo "2299"]
[BlackElo "1859"]
[PlyCount "67"]
[EventDate "2018.03.14"]
[EventType "swiss"]
[EventRounds "9"]
[EventCountry "IRQ"]
[SourceTitle "CBM 183 Extra"]
[Source "ChessBase"]
[SourceDate "2018.04.19"]
[SourceVersion "1"]
[SourceVersionDate "2018.04.19"]
[SourceQuality "1"]

1. d4 f5 2. c4 Nf6 3. Nc3 e6 4. g3 d5 5. Bg2 c6 6. Nh3 Be7 7. 0-0 0-0 8. Rb1 a5 9. b3 Na6 10. e3 Rb8 11. Qe2 Ne4 12. Nxe4 fxe4 13. Bd2 Bd7 14. Nf4 Bd6 15. f3 exf3 16. Bxf3 Bc7 17. Nd3 Qe7 18. e4 Rf7 19. Bh5 Rxf1+ 20. Rxf1 Be8 21. e5 dxc4 22. bxc4 Nb4 23. Nf4 Rd8 24. Bxe8 Qxe8 25. Bc3 Bb6 26. c5 Bc7 27. Bxb4 axb4 28. Qg4 Qd7 29. Qxe6+ Kh8 30. Qxd7 Rxd7 31. Ne6 h6 32. Rf8+ Kh7 33. Rc8 Bxe5 34. Nf8+ 1-0

[Event "IRQ-ch final first Stage"]
[Site "Baghdad"]
[Date "2013.10.09"]
[Round "1"]
[White "Mortadha, Mohammad"]
[Black "Hasan, Abd Al Jabbar"]
[Result "1/2-1/2"]
[WhiteElo "2141"]
[BlackElo "1907"]
[PlyCount "55"]
[EventDate "2013.10.09"]
[EventType "swiss"]
[EventRounds "9"]
[EventCountry "IRQ"]
[SourceTitle "EXT 2018"]
[Source "ChessBase"]
[SourceDate "2017.10.13"]
[SourceVersion "1"]
[SourceVersionDate "2017.10.13"]
[SourceQuality "1"]

1. e4 e6 2. d4 Nf6 3. Nd2 Be7 4. Ngf3 b6 5. Bd3 Bb7 6. 0-0 c5 7. c3 d6 8. Re1 Nbd7 9. Nf1 0-0 10. Ng3 Rc8 11. Qe2 e5 12. Nf5 Re8 13. Bg5 cxd4 14. cxd4 exd4 15. N3xd4 Bf8 16. f3 d5 17. Nb5 h6 18. Nfd6 hxg5 19. Nxb7 Bc5+ 20. Nxc5 Nxc5 21. e5 Nh5 22. g3 Re7 23. Nd6 Rcc7 24. Rad1 g6 25. Bb1 Qa8 26. Qd2 d4 27. Qxg5 Qxf3 28. Nf5 1/2-1/2